Online Catalogue and eLibrary

Sexual/Textual politics : (Record no. 3150)

MARC details
000 -LEADER
fixed length control field 00470nam a2200193Ia 4500
005 - DATE AND TIME OF LATEST TRANSACTION
control field 20241010052217.0
008 - FIXED-LENGTH DATA ELEMENTS--GENERAL INFORMATION
fixed length control field 240331s9999 xx 000 0 und d
020 ## - INTERNATIONAL STANDARD BOOK NUMBER
ISBN 0415029740
082 ## - DDC Classification
Item Number - Author Mark MOI
Class No. 820
100 ## - MAIN ENTRY--PERSONAL NAME
Personal name Moi, T
245 #0 - TITLE STATEMENT
Title Sexual/Textual politics :
Remainder of title Feminist Literary Theory
260 ## - PUBLICATION, DISTRIBUTION, ETC.
Place of publication, distribution, etc. London
Name of publisher, distributor, etc. Routledge
Date of publication, distribution, etc. 1985
300 ## - PHYSICAL DESCRIPTION
Extent (e.g. Volumes, Pages etc.) xv, 206 p .,
650 ## - SUBJECT ADDED ENTRY--TOPICAL TERM
Topical term or geographic name entry element Sex
650 ## - SUBJECT ADDED ENTRY--TOPICAL TERM
Topical term or geographic name entry element Textual Politics
650 ## - SUBJECT ADDED ENTRY--TOPICAL TERM
Topical term or geographic name entry element Feminist
650 ## - SUBJECT ADDED ENTRY--TOPICAL TERM
Topical term or geographic name entry element Philosophy
942 ## - Koha item type (Biblio)
Koha item type Books in Stacks (Lending)
Holdings
Lost status Damaged status Collection code Home library Current library Shelving location Date acquired Full call number Accession Number Item type
    Lending WERC Library WERC Library Social Science Cupboard 03/31/2024 820 MOI 3624 Books in Stacks (Lending)

© WERC Library